L'Espagne en Afrique / (Record no. 166492)

MARC details
000 -LEADER
campo de control de longitud fija 00724nam a2200169 i 4500
001 - NÚMERO DE CONTROL
campo de control 166492
003 - IDENTIFICADOR DE NÚMERO DE CONTROL
campo de control ES-MaACL
005 - FECHA Y HORA DE LA ÚLTIMA TRANSACCIÓN
campo de control 20230906213338.0
008 - DATOS DE LONGITUD FIJA--INFORMACIÓN GENERAL
campo de control de longitud fija 050913s1892 be | |||||||| ||fre d
040 ## - FUENTE DE CATALOGACIÓN
Centro catalogador/agencia de origen CAM
Lengua de catalogación spa
Centro/agencia transcriptor CAM
100 1# - ENTRADA PRINCIPAL--NOMBRE DE PERSONA
Nombre de persona Torres Campos, Manuel.
9 (RLIN) 110934
245 12 - MENCIÓN DEL TÍTULO
Título L'Espagne en Afrique /
Mención de responsabilidad, etc. par M. Torres Campos.
260 ## - PUBLICACIÓN, DISTRIBUCIÓN, ETC.
Lugar de publicación, distribución, etc. Bruxelles :
Nombre del editor, distribuidor, etc. Bureau de la revue ;
Lugar de publicación, distribución, etc. La Haye :
Nombre del editor, distribuidor, etc. Belinfante Frères ;
Lugar de publicación, distribución, etc. Paris :
Nombre del editor, distribuidor, etc. Durand et Pedone-Lauriel ;
Lugar de publicación, distribución, etc. Berlin :
Nombre del editor, distribuidor, etc. Puttkammer & Mühlbrecht,
Fecha de publicación, distribución, etc. 1892.
300 ## - DESCRIPCIÓN FÍSICA
Extensión 37 p.
595 ## -
-- Extrait de la Revue de Droit international et de Législation comparés, T. XXIV.
852 ## - LOCALIZACIÓN
Ubicación ES-MaACL
Número de control de estantería T-695-F-12
Nota libre -- Enc. hol., conservando la cub. original
-- -- Enc. en un vol. facticio
Holdings
Estatus retirado Estado de pérdida Estado de daño No para préstamo Colección Biblioteca de origen Biblioteca actual Ubicación en estantería Fecha de adquisición Total de préstamos Signatura topográfica completa Código de barras Visto por última vez Precio de reemplazo Tipo de ítem Koha
        Colección de folletos Biblioteca del Ateneo de Madrid Biblioteca del Ateneo de Madrid Depósito folletos 17/01/2008   T-695-F-12 1174617 23/02/2023 23/02/2023 Folleto